| 000 | 01602cad a2200277 4500 | ||
|---|---|---|---|
| 001 | L158446 | ||
| 008 | 100215n2014 000 0 eng u | ||
| 035 | _a(Sirsi) u158446 | ||
| 041 | _aeng | ||
| 110 | 2 |
_aRoyal Institution of Chartered Surveyors _94900 |
|
| 245 | 0 | 0 |
_aGrowing farmers' markets _bWhat are the factors that impact on participation by local producers? _h[electronic resource] |
| 260 |
_aLondon _bRICS _c2014 |
||
| 490 | 0 | _aRICS Research | |
| 520 | _aInvestigates the barriers to participation in farmers? markets by the wider farming community in South Australia (SA) with a particular focus on small to medium sized primary producers. Key findings of the research are excessive bureaucracy and form filling, perceived high cost of market insurance and stall fees, difficulties attached to regular and sufficient supply of produce, extra time commitment and need for more staff. Issues in participation are not the same for every farmer. Producer comments allude to stretched time commitments, restrictive market regulations and practices, limitations on produce type and for older farmers, lack of interest in new ventures. | ||
| 650 | 2 | 4 | _aFOOD PRODUCERS |
| 650 | 2 | 4 | _aAGRICULTURAL SYSTEMS |
| 650 | 2 | 4 | _aCOMMUNITY |
| 650 | 2 | 4 | _aFARMERS' MARKETS |
| 651 | 4 | _aAustralia | |
| 690 |
_aRural _96268 |
||
| 700 | 1 | _aKuppke, Valerie | |
| 700 | 1 | _aPage, Geoff | |
| 710 | 1 | _aUniversity of South Australia | |
| 856 | 4 | 8 |
_uhttps://www.propertyresearchtrust.org/uploads/1/3/4/8/134819607/growing_farmers_markets.pdf _zView the item free of charge from www.rics.org |
| 942 |
_n0 _2ddc |
||
| 999 |
_c115310 _d115310 |
||